LEADER 03176nam 2200817 a 450 001 9910463691503321 005 20200520144314.0 010 $a1-283-89627-3 010 $a0-8122-0218-X 024 7 $a10.9783/9780812202182 035 $a(CKB)3240000000068508 035 $a(OCoLC)794702316 035 $a(CaPaEBR)ebrary10641561 035 $a(SSID)ssj0000671206 035 $a(PQKBManifestationID)11450490 035 $a(PQKBTitleCode)TC0000671206 035 $a(PQKBWorkID)10624400 035 $a(PQKB)10219939 035 $a(SSID)ssj0000108044 035 $a(PQKBManifestationID)11117070 035 $a(PQKBTitleCode)TC0000108044 035 $a(PQKBWorkID)10017111 035 $a(PQKB)11277381 035 $a(MiAaPQ)EBC3441726 035 $a(MdBmJHUP)muse17939 035 $a(DE-B1597)449264 035 $a(OCoLC)979744329 035 $a(DE-B1597)9780812202182 035 $a(Au-PeEL)EBL3441726 035 $a(CaPaEBR)ebr10641561 035 $a(CaONFJC)MIL420877 035 $a(OCoLC)932312674 035 $a(EXLCZ)993240000000068508 100 $a19951012d1996 uy 0 101 0 $aeng 135 $aurcn||||||||| 181 $ctxt 182 $cc 183 $acr 200 10$aAutonomy, sovereignty, and self-determination$b[electronic resource] $ethe accommodation of conflicting rights /$fHurst Hannum 205 $aRev. ed. 210 $aPhiladelphia $cUniversity of Pennsylvania Press$dc1996 215 $a1 online resource (546 p.) 225 0 $aProcedural Aspects of International Law 300 $aBibliographic Level Mode of Issuance: Monograph 311 $a0-8122-1572-9 320 $aIncludes bibliographical references (p. [509]-514) and index. 327 $apt. I. The international legal context -- pt. II. Searching for solutions : nine case studies -- pt. III. Other examples of autonomous arrangements -- pt. IV. Conclusion. 330 $aDemands for "autonomy" or minority rights have given rise to conflicts, often violent, in every region of the world and under every political system. Through an analysis of contemporary international legal norms and an examination of several specific case studies?including Hong Kong, India, the transnational problems of the Kurds and Saamis, Nicaragua, Northern Ireland, Spain, Sri Lanka, and the Sudan?this book identifies a framework in which ethnic, religious, and regional conflicts can be addressed. 606 $aSelf-determination, National 606 $aSovereignty 606 $aAutonomy 606 $aSelf-determination, National$vCase studies 606 $aSovereignty$vCase studies 606 $aAutonomy$vCase studies 608 $aElectronic books. 615 0$aSelf-determination, National. 615 0$aSovereignty. 615 0$aAutonomy. 615 0$aSelf-determination, National 615 0$aSovereignty 615 0$aAutonomy 676 $a320.1/5 700 $aHannum$b Hurst$0229132 801 0$bMiAaPQ 801 1$bMiAaPQ 801 2$bMiAaPQ 906 $aBOOK 912 $a9910463691503321 996 $aAutonomy, sovereignty, and self-determination$92476731 997 $aUNINA LEADER 00974nam a22002653i 4500 001 991000705319707536 005 20030110144027.0 008 021024s1992 it |||||||||||||||||ita 020 $a8871150198 035 $ab12043230-39ule_inst 035 $aARCHE-013303$9ExL 040 $aDip.to Filologia Ling. e Lett.$bita$cA.t.i. Arché s.c.r.l. Pandora Sicilia s.r.l. 082 04$a850.9009 100 1 $aScalia, Gianni$0120683 245 10$aA conti fatti :$bavanguardie, marxismi, letteratura /$cGianni Scalia 260 $aPadova :$bIl poligrafo,$c1992 300 $a270 p. ;$c18 cm 490 0 $aSaggi [Il poligrafo] ;$v2 650 4$aLetteratura italiana$ySec. 20. 907 $a.b12043230$b28-04-17$c01-04-03 912 $a991000705319707536 945 $aLE008 LLI IV G 6$g1$i2008000273118$lle008$o-$pE0.00$q-$rl$s- $t0$u0$v0$w0$x0$y.i12335800$z01-04-03 996 $aA conti fatti$9144001 997 $aUNISALENTO 998 $ale008$b01-04-03$cm$da $e-$fita$git $h0$i1